Teoría económica

Saved in:
Bibliografiske detaljer
Hovedforfatter: Baltra Cortés, Alberto (autor)
Format: Bog
Sprog:spansk
Udgivet: Santiago Andrés Bello 1968
Fag:
Tags: Tilføj Tag
Ingen Tags, Vær først til at tagge denne postø!

MARC

LEADER 00000nam a2200000 a 4500
001 UCY1616
003 CL-VaPUC
008 940909e19680000CL |||||||||||||||||spa|d
082 0 4 |a 330.1  |b BAL  |2 21 
100 |a Baltra Cortés, Alberto  |e autor  |9 329630 
245 1 0 |a Teoría económica 
300 |a 2 v 
942 |c BK 
945 |d 19940909 00:00:00  |a rbrito 
260 |a Santiago  |b Andrés Bello  |c 1968 
650 0 |a Economía   |9 255568 
583 |a last modification  |c 19940909 00:00:00  |k Rodrigo Vera 
999 |c 230265  |d 230263 
952 |0 0  |1 0  |4 0  |6 330_100000000000000_BAL_1968  |7 0  |8 A  |9 232386  |a BIBDER  |b BIBDER  |d 2019-11-15  |h v.1  |i 301827K  |o 330.1 BAL 1968  |p 301827K  |r 2023-01-25  |w 2019-11-15  |y BK  |k DER 
952 |0 0  |1 0  |4 0  |6 330_100000000000000_BAL_1968  |7 0  |8 A  |9 232387  |a BIBDER  |b BIBDER  |d 2019-11-15  |h v.2  |i 3018261  |o 330.1 BAL 1968  |p 3018261  |r 2023-01-25  |w 2019-11-15  |y BK  |k DER 
952 |0 0  |1 0  |4 0  |6 330_100000000000000_BAL_1968  |7 0  |8 A  |9 232388  |a BIBING  |b BIBING  |d 2019-11-15  |i 1640623  |o 330.1 BAL 1968  |p 1640623  |r 2025-01-20  |w 2019-11-15  |y BK  |k GEO